| 000 | 00419nam a2200157Ia 4500 | ||
|---|---|---|---|
| 003 | GCL | ||
| 008 | 140319s9999 xx 000 0 eng d | ||
| 040 |
_aGCL / _cGCL |
||
| 082 | 0 | 4 |
_a100 _bP P |
| 100 | 1 | _aPAJIM AN LOUIS P | |
| 245 | 1 | 0 |
_aTHE PURSIT OF WISDOM / _cPAJIM AN LOUIS P |
| 260 |
_a[S.N] : _bWADSUARTH PUBBISINT COMPANY ، _c1993 |
||
| 300 | _a395 | ||
| 650 | 0 | 4 | _aPHILOSOPHY - INTRODUCTIONS |
| 942 |
_2ddc _cBK |
||
| 999 |
_c21659 _d21659 |
||